000 00746nam a2200229Ii 4500
003 JO-AjNU
008 230605s9999||||xx |||||||||||||| ||und||
017 _a2009/11/4929
020 _a978-9957-09-409-6
040 _aJO-AjNU
_bara
_erda
_cJO-AjNU
041 _aara
050 1 4 _aHD37.S58 2010
100 3 _aشومر، توفيق,
_eauthor
_950237
245 0 0 _aالمراقبة والتقويم للمشاريع التنموية
250 _aط1
264 3 1 _aعمان: أزمنة للنشر والتوزيع، 2010
300 _a167ص
336 _atext
_btxt
_2rdacontent
337 _aunmediated
_bn
_2rdamedia
338 _avolume
_bnc
_2rdacarrier
650 4 _aالمشاريع التنموية - مراقبة - تقويم
_950238
999 _aA22117
_c25685
_d25685